Israel's destiny and the coming deliverer. (Record no. 2504)

000 -LEADER
fixed length control field 00628nam a2200205 a 4500
001 - CONTROL NUMBER
control field :::00000229$&:&@@
003 - CONTROL NUMBER IDENTIFIER
control field OkBaRHE
005 - DATE AND TIME OF LATEST TRANSACTION
control field 20000607103237.0
008 - FIXED-LENGTH DATA ELEMENTS--GENERAL INFORMATION
fixed length control field s1978 j 000 0 eng u
040 ## - CATALOGING SOURCE
Transcribing agency
100 1# - MAIN ENTRY--PERSONAL NAME
Personal name Lindsay, Gordon (James Gordon), 1906-1973.
245 10 - TITLE STATEMENT
Title Israel's destiny and the coming deliverer.
260 ## - PUBLICATION, DISTRIBUTION, ETC. (IMPRINT)
Place of publication, distribution, etc Dallas, TX., :
Name of publisher, distributor, etc Christ For The Nations
Date of publication, distribution, etc 1978
300 ## - PHYSICAL DESCRIPTION
Extent 30 p. ;
Dimensions 23 cm.
650 ## - SUBJECT ADDED ENTRY--TOPICAL TERM
Topical term or geographic name as entry element Israel
650 ## - SUBJECT ADDED ENTRY--TOPICAL TERM
Topical term or geographic name as entry element Jews
General subdivision Election, Doctrine of
650 ## - SUBJECT ADDED ENTRY--TOPICAL TERM
Topical term or geographic name as entry element Messiah
942 ## - ADDED ENTRY ELEMENTS (KOHA)
Source of classification or shelving scheme
Koha item type Books
Copies
Damaged status Lost status Date last seen Source of classification or shelving scheme Barcode Not for loan Copy number Permanent Location Shelving location Koha item type Full call number Date acquired Withdrawn status Price effective from
  2010-04-14 229 1RHEMA Bible Training CollegeGeneral StacksBooksBM 615 .L52010-04-14 2010-04-14